| 000 | 00349nam a2200145Ia 4500 | ||
|---|---|---|---|
| 008 | 150201s1995 xx 000 0 und d | ||
| 082 |
_a617.6 _bC1995R |
||
| 100 | _aROWE, AHR | ||
| 245 | _aCLINICAL DENTISTRY | ||
| 250 | _a1ST | ||
| 260 |
_bAIPD _aDELHI _c1995 |
||
| 300 | _a1-1485 | ||
| 650 | _aPREVENTIVE AND COMMUNITY DENTISTRY | ||
| 942 |
_2ddc _cBK |
||
| 999 |
_c2939 _d2939 |
||